| 000 | 00731nam a2200241Ia 4500 | ||
|---|---|---|---|
| 003 | OSt | ||
| 005 | 20220925183451.0 | ||
| 006 | a|||||r|||| 00| 0 | ||
| 007 | ta | ||
| 008 | 220923b |||||||| |||| 00| 0 eng d | ||
| 037 | _cGeneral Book | ||
| 040 |
_aRTL _cRTL _beng |
||
| 041 |
_2eng _aeng |
||
| 082 | _aV2:51y7M93:g(Y5926), N1.1 | ||
| 100 |
_aChanchreek K L _9258630 |
||
| 245 | 0 |
_aDr. B R Ambedkar (1891-1991) _bPatriot philosopher |
|
| 260 |
_aDelhi _bH K Publishers India _c1991 |
||
| 300 |
_a326p _ccm. |
||
| 490 | _aCentenary Volume Publication | ||
| 650 | _aStruggle for Independence | ||
| 942 |
_hV2:51y7M93:g(Y5926), N1.1 _cGB _2CC |
||
| 999 |
_c504983 _d504983 |
||